[Event "EU-ch Blitz"]
[Site "Zagreb"]
[Date "2023.12.16"]
[Round "4"]
[White "Ohanyan, Emin"]
[Black "Klekowski, Maciej"]
[Result "0-1"]
[WhiteElo "2456"]
[BlackElo "2477"]
[PlyCount "50"]
[EventDate "2023.12.16"]
[EventType "swiss (blitz)"]
[EventRounds "13"]
[EventCountry "CRO"]
[SourceTitle "CB51_2023"]
[SourceDate "2023.12.20"]
[SourceVersion "1"]
[SourceVersionDate "2023.12.20"]
[SourceQuality "1"]

1. d4 Nf6 2. c4 e6 3. Nf3 b6 4. g3 Bb7 5. Bg2 Be7 6. Nc3 Ne4 7. Bd2 Nxc3 8. Bxc3 d5 9. Ne5 0-0 10. 0-0 Nd7 11. cxd5 exd5 12. Rc1 Bd6 13. e3 a5 14. b3 Re8 15. Nd3 Qe7 16. Bb2 Nf6 17. Ne5 c5 18. Nd3 Rac8 19. dxc5 bxc5 20. Nf4 d4 21. Bxb7 Qxb7 22. Nh5 Ne4 23. Qg4 g6 24. Nf4 Nd2 25. h4 Nf3+ 0-1

[Event "EU-ch Blitz"]
[Site "Zagreb"]
[Date "2023.12.16"]
[Round "10"]
[White "Semjonovs, Ilja"]
[Black "Klekowski, Maciej"]
[Result "0-1"]
[WhiteElo "2383"]
[BlackElo "2477"]
[PlyCount "79"]
[EventDate "2023.12.16"]
[EventType "swiss (blitz)"]
[EventRounds "13"]
[EventCountry "CRO"]
[SourceTitle "CB51_2023"]
[SourceDate "2023.12.20"]
[SourceVersion "1"]
[SourceVersionDate "2023.12.20"]
[SourceQuality "1"]

1. e4 c5 2. Nf3 e6 3. d4 cxd4 4. Nxd4 Nc6 5. Nc3 a6 6. Nxc6 bxc6 7. Bd3 d5 8. 0-0 Nf6 9. Qe2 Be7 10. Bf4 0-0 11. h3 Bb7 12. Rfd1 g6 13. e5 Nh5 14. Bh2 c5 15. Qg4 Ng7 16. Ne2 h5 17. Qg3 Qe8 18. b3 a5 19. a4 Ba6 20. Nf4 Bxd3 21. Qxd3 Rb8 22. g4 hxg4 23. hxg4 Rb4 24. f3 c4 25. Qe3 cxb3 26. cxb3 Qb8 27. Rd3 Bg5 28. Kg2 Rc8 29. Ra2 Rc6 30. Rb2 Qc7 31. Rd4 Rc3 32. Rd3 Rxd3 33. Qxd3 Bxf4 34. Bxf4 Rxf4 35. Rc2 Qxe5 36. Rc8+ Kh7 37. Qd1 Nh5 38. gxh5 Qxh5 39. Qa1 d4 40. Qc1 0-1

[Event "Titled Tuesday intern op 19th Sep Early"]
[Site "Chess.com INT"]
[Date "2023.09.19"]
[Round "10"]
[White "Bhagat, Kush"]
[Black "Klekowski, Maciej"]
[Result "1-0"]
[WhiteElo "2209"]
[BlackElo "2477"]
[PlyCount "105"]
[EventDate "2023.09.19"]
[EventType "swiss (blitz)"]
[EventRounds "11"]
[EventCountry "USA"]
[SourceTitle "EXT 2024"]
[Source "ChessBase"]
[SourceDate "2023.10.10"]
[SourceVersion "1"]
[SourceVersionDate "2023.10.10"]
[SourceQuality "1"]

1. d4 Nf6 2. Bf4 d5 3. e3 c5 4. Nf3 Nc6 5. Nbd2 Nh5 6. dxc5 Nxf4 7. exf4 e6 8. Nb3 a5 9. a4 Qf6 10. Qc1 Be7 11. Bd3 0-0 12. 0-0 Nb4 13. Bb5 Na6 14. Bxa6 Rxa6 15. c3 Bd7 16. Qe3 Rc8 17. Ne5 Be8 18. Rfd1 Bf8 19. Nd3 g6 20. Nd4 Qd8 21. b4 axb4 22. cxb4 Rxa4 23. Rxa4 Bxa4 24. Ra1 Be8 25. Rc1 Bg7 26. Ne5 Qe7 27. h3 f6 28. Nd3 e5 29. fxe5 fxe5 30. Re1 e4 31. Nf4 Bf7 32. Nb5 Qe5 33. Nd6 Ra8 34. Nxb7 Ra1 35. Rxa1 Qxa1+ 36. Kh2 Bd4 37. Qd2 Bc3 38. Qc2 Be5 39. g3 Bxf4 40. gxf4 Qf6 41. Qd2 d4 42. Nd6 Bd5 43. b5 e3 44. fxe3 d3 45. b6 Qa1 46. e4 Qf1 47. exd5 Qe2+ 48. Qxe2 dxe2 49. b7 e1Q 50. b8Q+ Kg7 51. Qc7+ Kh6 52. Nf7+ Kg7 53. Qe5+ 1-0